000 00395nab a2200145Ia 4500
003 ES-SlBCS
005 20210601125450.0
008 140529s1981-82 xxu||||| |||| 00| 0 eng d
041 _aeng
100 1 _aSokolowski, Robert
_947028
245 0 0 _aTiming
_c Robert Sokolowski
650 0 4 _aTiempo
_990216
773 0 _tReview of Methaphysics
_gvol. 35, 1981-82, págs. 687-714
_wRev843
942 _cAR
999 _c530774
_d530774